| 000 | 00388nam a22001457a 4500 | ||
|---|---|---|---|
| 003 | OSt | ||
| 005 | 20160727222524.0 | ||
| 008 | 160709b xxu||||| |||| 00| 0 eng d | ||
| 040 | _cTEST | ||
| 100 |
_92517 _a Funk, W., et al |
||
| 245 | _a30 days to a more Powerful Vacobulary | ||
| 260 |
_aN.Y _b Pocket Books _c1971 |
||
| 300 | _a30 days to a more Powerful Vacobulary | ||
| 942 |
_2ddc _cBK |
||
| 999 |
_c2184 _d2184 |
||